Tax Influenced Accounting

Salvato in:
Dettagli Bibliografici
Autore principale: Vlčko, Ján, 1988-
Altri autori: Meluchová, Jitka, 1965-
Natura: Capitolo di libro
Lingua:inglese
Tags: Aggiungi Tag
Nessun Tag, puoi essere il primo ad aggiungerne!!

MARC

LEADER 00000naa$a2200000$$$4500
001 0281221
005 20240502083904.2
041 0 |a eng 
044 |a CZ 
245 1 0 |a Tax Influenced Accounting  |c Ján Vlčko, Jitka Meluchová 
100 1 |a Vlčko, Ján, 1988- 
700 1 |a Meluchová, Jitka, 1965-